Race relations: problems and theory.

Bibliographic Details
Main Author: Masuoka, Jitsuichi, 1903-
Other Authors: Valien, Preston
Format: Book
Language:English
Published: [Place of publication not identified] : University of North Carolina Press, [1961]
Subjects:

MARC

Tag First Indicator Second Indicator Subfields
LEADER 00000cam a2200000 4500
001 in00000039233
005 20151007081607.0
008 720313s1961 eng u
010 |a  61066070  
035 |a (OCoLC)00262013 
035 |9 AAF6620AM 
040 |c WSU  |d TXA  |d UtOrBLW 
049 |a TXAM  |c [350779] 
050 0 |a HT1521  |b .M29 
092 |a 301.451  |b M424r 
100 1 |a Masuoka, Jitsuichi,  |d 1903- 
245 1 0 |a Race relations: problems and theory. 
264 1 |a [Place of publication not identified] :  |b University of North Carolina Press,  |c [1961] 
300 |a 290 pages 
336 |a text  |b txt  |2 rdacontent 
337 |a unmediated  |b n  |2 rdamedia 
338 |a volume  |b nc  |2 rdacarrier 
504 |a Bibliographical footnotes. 
600 1 0 |a Park, Robert Emory,  |d 1868-1942. 
650 0 |a Race relations. 
651 0 |a United States  |x Race relations. 
700 1 |a Valien, Preston. 
999 |a MARS 
999 f f |s d9c4f654-8772-393c-9ae3-1e8acb326b50  |i 4aff2e70-4e2c-3136-857d-b2814feef420  |t 0 
952 f f |p ric  |a Texas A&M University  |b Rellis Campus  |c Joint Library Facility  |d Remote Storage  |t 0  |e HT1521 .M29  |h Library of Congress classification  |i unmediated -- volume  |m A14800643724 
998 f f |a HT1521 .M29  |t 0  |l Remote Storage